000 00436nam a2200181Ia 4500
005 20250603145158.0
008 250603s9999 xx 000 0 und d
020 _a978-978-023-213-3
050 _aKA 10 .L2/
100 _aLadan, Muhammed Tawfiq
245 0 _aIntroduction to Jurisprudence[classic and islamic]
260 _aLagos
260 _bMalthouse
260 _c2010
300 _a56 p
650 _aLagos
942 _cBK
999 _c41107
_d41107